Stations of Keikyu Electric Railway, Tokyo, Japan - Statistics

General Stats
  • This quiz has been taken 202 times
    166 since last reset
  • The average score is 36 of 72
Answer Stats
Line Station No. Answer % Correct
Main Line KK01 Shinagawa
97%
Main/Airport Line KK11 Keikyu Kamata
85%
KK02 Kita Shinagawa
85%
KK37 Yokohama
84%
Main/Daishi Line KK20 Keikyu Kawasaki
81%
KK49 Kanazawa-Bunko
73%
KK67 Keikyu Kurihama
72%
KK04 Aomono Yokocho
71%
KK72 Misakiguchi
71%
KK36 Kanagawa
69%
KK07 Omorikaigan
69%
KK53 Zushi·Hayama
66%
KK08 Heiwajima
64%
Main/Zushi Line KK50 Kanazawa-Hakkei
64%
KK64 Uraga
63%
KK05 Samezu
60%
KK35 Keikyu Higashi Kanagawa
58%
KK29 Keikyu Tsurumi
58%
KK59 Yokosuka-Chuo
58%
KK17 Haneda Airport Terminal 1·2
56%
KK39 Hinodecho
56%
KK33 Koyasu
56%
KK06 Tachiaigawa
56%
KK15 Tenkubashi
56%
KK44 Kamiooka
55%
KK16 Haneda Airport Terminal 3
53%
KK32 Keikyu Shinkoyasu
53%
KK23 Kawasaki-Daishi
52%
KK09 Omorimachi
52%
KK03 Shimbamba
52%
KK68 YRP Nobi
52%
KK34 Kanagawa-Shimmachi
51%
KK71 Miurakaigan
51%
KK40 Koganecho
50%
KK10 Umeyashiki
50%
KK38 Tobe
49%
Main Line KK18 Zoshiki
49%
KK31 Namamugi
47%
Main/Kurihama Line KK61 Horinouchi
45%
KK19 Rokugodote
45%
KK28 Tsurumi-Ichiba
45%
KK14 Anamori-Inari
43%
KK45 Byobugaura
43%
Main Line KK27 Hatcho-Nawate
43%
Main Line KK54 Oppama
42%
KK13 Otorii
42%
KK26 Kojimashinden
41%
KK42 Idogaya
40%
KK30 Kagetsu Sojiji
40%
KK66 Kitakurihama
40%
Airport Line KK12 Kojiya
40%
KK25 Daishibashi
37%
KK43 Gumyoji
37%
KK46 Sugita
37%
KK56 Anjinzuka
36%
KK60 Kenritsudaigaku
36%
KK55 Keikyu Taura
35%
KK41 Minamiota
35%
KK48 Nokendai
35%
KK58 Shioiri
33%
KK70 Tsukuihama
33%
Daishi Line KK21 Minatocho
31%
KK52 Jinmuji
30%
KK69 Keikyu Nagasawa
30%
KK47 Keikyu Tomioka
30%
KK57 Hemi
29%
Main Line KK62 Keikyu Otsu
29%
KK22 Suzukicho
29%
Zushi Line KK51 Mutsuura
28%
Kurihama Line KK65 Shin-Otsu
28%
KK63 Maborikaigan
26%
KK24 Higashi-Monzen
23%
No matching quizzes found
Score Distribution
Percent of People with Each Score
Percentile by Number Answered
Your Score History
You have not taken this quiz since the last reset